000 00514nam a2200217Ia 4500
003 OSt
005 20220928144211.0
006 a|||||r|||| 00| 0
007 ta
008 220927b |||||||| |||| 00| 0 eng d
024 _a63614
037 _cTextual
040 _aSDCL
_cSDCL
_beng
041 _2eng
_aeng
082 _aC, K6.2
100 _aHalliday
_9507366
245 0 _aPhysics.
700 _a Resnick
_9507367
942 _hC, K6.2
_cTEXL
_2CC
999 _c826730
_d826730